000 00319nam a22001337a 4500
008 170613b xxu||||| |||| 00| 0 eng d
020 _a9780072505764
041 _aeng
080 _29 ED
_a94(4)
100 _a19
101 _aSHH
245 _aGLOBAL SRUDIES RRUSIA THE EURASIAN
_cGOLDMAN.M.F
942 _2udc
_cBK
999 _c17238
_d17238